[Event "Frankfurt Ch 2010"]
[Site "Ffm-Kalbach, LAZ"]
[Date "2010.05.03"]
[Round "2.26"]
[White "Tews, Artur"]
[Black "Richter, Tobias"]
[Result "1/2-1/2"]
[WhiteElo "1765"]
[BlackElo "2099"]
[PlyCount "104"]
[EventDate "2010.??.??"]
[SourceDate "2009.03.13"]
[WhiteTeam "Bad Vilbeler Sfr.1985"]
[BlackTeam "SV Merseburg"]

1. c4 e6 2. Nc3 Bb4 3. e4 c5 4. g3 Nc6 5. Bg2 Nf6 6. Nge2 O-O 7. O-O d6 8. a3
Ba5 9. d3 a6 10. Rb1 Rb8 11. f4 b5 12. e5 Nxe5 13. fxe5 dxe5 14. cxb5 axb5 15.
Bg5 Bxc3 16. bxc3 h6 17. Bxf6 gxf6 18. Qd2 Kh7 19. Qe3 Ba6 20. Rbd1 Rc8 21.
Qe4+ Kg7 22. Rf2 Rg8 23. Rdf1 Rc7 24. Rxf6 Qxf6 25. Rxf6 Kxf6 26. d4 cxd4 27.
cxd4 Rg5 28. dxe5+ Kg7 29. h4 Rc4 30. Qe3 Rg6 31. Nf4 Rg4 32. Bh3 Rcxf4 33.
Bxg4 Rxg4 34. Qf3 Ra4 35. Kf2 Kg8 36. g4 b4 37. axb4 Rxb4 38. Qa8+ Kg7 39. Qxa6
Rxg4 40. h5 Rf4+ 41. Kg3 Rf5 42. Qe2 Kh7 43. Qe4 Kg7 44. Kh4 Kh7 45. Qd4 Kg7
46. Qg4+ Kh7 47. Qd4 Kg7 48. Qd6 Rf4+ 49. Kg3 Rf5 50. Kg4 Kg8 51. Qd2 Kg7 52.
Qe3 Kh7 1/2-1/2

[Event "Frankfurt Ch 2010"]
[Site "Ffm-Kalbach, LAZ"]
[Date "2010.05.03"]
[Round "2.27"]
[White "Koch, Markus"]
[Black "Genis, Roy"]
[Result "1-0"]
[WhiteElo "2045"]
[BlackElo "1947"]
[PlyCount "63"]
[EventDate "2010.??.??"]
[SourceDate "2009.03.13"]
[WhiteTeam "SC Brett vor'm Kopp Ffm"]
[BlackTeam "SG 1945 Dietzenbach"]

1. c4 Nf6 2. Nc3 e6 3. g3 d5 4. d4 c6 5. Bg2 Nbd7 6. Nf3 Bd6 7. O-O O-O 8. b3
a6 9. Bb2 b5 10. Qc2 b4 11. Na4 a5 12. Rac1 Bb7 13. Ne5 Rc8 14. c5 Be7 15. Nxd7
Nxd7 16. e4 Ba6 17. Rfe1 Bb5 18. e5 Bxa4 19. bxa4 Qc7 20. Bh3 Rb8 21. Qd3 Rb7
22. f4 Rfb8 23. Rf1 g6 24. Bg4 Kg7 25. Bd1 Rh8 26. g4 Rbb8 27. f5 exf5 28. gxf5
f6 29. Rc2 Rbg8 30. Rg2 g5 31. Qg3 h6 32. exf6+ 1-0

[Event "Frankfurt Ch 2010"]
[Site "Ffm-Kalbach, LAZ"]
[Date "2010.05.03"]
[Round "2.28"]
[White "Wolff, Juergen"]
[Black "Kolker, Vladislav"]
[Result "0-1"]
[WhiteElo "1696"]
[BlackElo "2111"]
[PlyCount "56"]
[EventDate "2010.??.??"]
[SourceDate "2009.03.13"]
[WhiteTeam "SC 1933 Somborn"]
[BlackTeam "Sfr.1891 Friedberg"]

1. e4 c5 2. Nf3 d6 3. d4 cxd4 4. Nxd4 Nf6 5. Nc3 a6 6. Be3 e5 7. Nb3 Be6 8. f3
Nbd7 9. g4 b5 10. g5 Nh5 11. Qd2 Be7 12. O-O-O O-O 13. Kb1 b4 14. Na4 a5 15.
Rg1 Qc7 16. Nc1 Nc5 17. b3 Rfc8 18. Nb2 a4 19. Bc4 a3 20. Bxe6 axb2 21. Bxf7+
Kxf7 22. Kxb2 Ra6 23. g6+ hxg6 24. Qd5+ Ne6 25. Qd2 Nhf4 26. Nd3 Rxa2+ 27. Kxa2
Qa5+ 28. Kb1 Ra8 0-1

[Event "Frankfurt Ch 2010"]
[Site "Ffm-Kalbach, LAZ"]
[Date "2010.05.03"]
[Round "2.29"]
[White "Marzahn, Heiko"]
[Black "Fröhlich-Dill, Astrid"]
[Result "1-0"]
[WhiteElo "1984"]
[BlackElo "1910"]
[PlyCount "73"]
[EventDate "2010.??.??"]
[SourceDate "2009.03.13"]
[WhiteTeam "Sfr.Erbach"]
[BlackTeam "SV 1920 Hofheim"]

1. e4 c5 2. Nf3 Nc6 3. d4 cxd4 4. Nxd4 e6 5. Nb5 d6 6. c4 a6 7. N5c3 Nf6 8. Be3
Bd7 9. Be2 Be7 10. O-O O-O 11. Nd2 Ne8 12. f4 Bf6 13. Rc1 Nd4 14. Bd3 b5 15. e5
dxe5 16. fxe5 Bxe5 17. Bxh7+ Kxh7 18. Qh5+ Kg8 19. Qxe5 Nf5 20. Bc5 f6 21. Qe2
Rf7 22. cxb5 axb5 23. Nb3 Qb8 24. a3 Nc7 25. Rfd1 Qb7 26. Bf2 Na6 27. Ne4 b4
28. g4 bxa3 29. Nbc5 Nxc5 30. Nxc5 Bb5 31. Qxe6 Qf3 32. Qxf5 Qxf5 33. gxf5 axb2
34. Rb1 Ra2 35. Bd4 Rc7 36. Rd2 Ra1 37. Rdxb2 1-0

[Event "Frankfurt Ch 2010"]
[Site "Ffm-Kalbach, LAZ"]
[Date "2010.05.03"]
[Round "2.30"]
[White "Zerhusen, Martin"]
[Black "Göbel, Andreas"]
[Result "0-1"]
[WhiteElo "1696"]
[BlackElo "2040"]
[PlyCount "78"]
[EventDate "2010.??.??"]
[SourceDate "2009.03.13"]
[WhiteTeam "SV Oberursel"]
[BlackTeam "SC Brett vor'm Kopp Ffm"]

1. d4 Nf6 2. c4 e6 3. Nc3 Bb4 4. Bd2 O-O 5. Nf3 b6 6. a3 Be7 7. g3 Bb7 8. Bg2
d6 9. O-O Nbd7 10. Rc1 Ne4 11. Nxe4 Bxe4 12. Bc3 f5 13. e3 Qe8 14. Nd2 Bxg2 15.
Kxg2 Nf6 16. f3 Qh5 17. Qe2 d5 18. Qd3 c6 19. a4 Rad8 20. a5 Rb8 21. axb6 axb6
22. Ra1 Rb7 23. Ra6 Rfb8 24. Rfa1 Qe8 25. Qc2 Qd7 26. Ra8 Rxa8 27. Rxa8+ Kf7
28. b3 Ra7 29. Rxa7 Qxa7 30. Qb2 g5 31. Qa1 Qxa1 32. Bxa1 g4 33. Bc3 h5 34. b4
gxf3+ 35. Kxf3 Ne4 36. Nxe4 fxe4+ 37. Kf4 Kf6 38. c5 Bd8 39. cxb6 Bxb6 0-1

[Event "Frankfurt Ch 2010"]
[Site "Ffm-Kalbach, LAZ"]
[Date "2010.05.03"]
[Round "2.32"]
[White "Schramm, Christian"]
[Black "Bock, Mario"]
[Result "1-0"]
[WhiteElo "2322"]
[BlackElo "1468"]
[PlyCount "97"]
[EventDate "2010.??.??"]
[SourceDate "2009.03.13"]
[WhiteTeam "SC 1959 Obernau"]
[BlackTeam "Sfr. Frankfurt 1921"]

1. e4 d6 2. d4 Nf6 3. Nc3 g6 4. Bg5 Bg7 5. e5 dxe5 6. dxe5 Nfd7 7. e6 Nb6 8.
Bb5+ c6 9. exf7+ Kxf7 10. Qf3+ Bf6 11. Rd1 Qe8 12. Bd3 Kg7 13. h4 Rf8 14. Qe3
Bxg5 15. hxg5 Qf7 16. Nf3 Qe6 17. Ne4 N8d7 18. Nd4 Qf7 19. Qh3 Kg8 20. Qe6 Qxe6
21. Nxe6 Rf7 22. N4c5 Nxc5 23. Nxc5 e5 24. Ne4 Be6 25. Nf6+ Rxf6 26. gxf6 Rf8
27. Be2 Rxf6 28. Rd6 Kg7 29. g4 g5 30. Bd3 h6 31. Bf5 Bxf5 32. Rxf6 Kxf6 33.
gxf5 Nc4 34. b3 Na5 35. Rxh6+ Kxf5 36. Rh7 Kg6 37. Rc7 Kf5 38. b4 Nc4 39. Rxb7
a5 40. bxa5 Nxa5 41. Ra7 Nc4 42. Ra4 Nd6 43. Ra6 g4 44. Rxc6 Ne4 45. a4 Kf4 46.
a5 Kf3 47. a6 g3 48. fxg3 Nxg3 49. a7 1-0

[Event "Frankfurt Ch 2010"]
[Site "Ffm-Kalbach, LAZ"]
[Date "2010.05.03"]
[Round "2.33"]
[White "Makilla, Tobias"]
[Black "Kreiling, Carsten"]
[Result "0-1"]
[WhiteElo "1897"]
[BlackElo "2126"]
[PlyCount "106"]
[EventDate "2010.??.??"]
[SourceDate "2009.03.13"]
[WhiteTeam "Sfr.1932 Kelkheim"]
[BlackTeam "SVG Eppstein 1932"]

1. e4 c5 2. Nf3 d6 3. Bb5+ Nd7 4. O-O Ngf6 5. Re1 a6 6. Bxd7+ Bxd7 7. c3 Bc6 8.
e5 dxe5 9. Nxe5 Rc8 10. Qb3 Qd5 11. Nxc6 Qxc6 12. d3 e6 13. Bg5 Be7 14. Nd2 Qd5
15. Qxd5 Nxd5 16. Bxe7 Nxe7 17. Nf3 Nc6 18. Rad1 Rd8 19. Rd2 Ke7 20. Red1 e5
21. Re1 Kf6 22. Rde2 Rxd3 23. Nxe5 Nxe5 24. Rxe5 Rhd8 25. Kf1 Rd2 26. R5e2 g5
27. Rxd2 Rxd2 28. Re2 Rd1+ 29. Re1 Rd5 30. Re8 c4 31. Ke2 Rb5 32. Rc8 Rxb2+ 33.
Ke3 Rxa2 34. Rxc4 Rb2 35. h4 h6 36. hxg5+ hxg5 37. Ra4 Ke6 38. g3 f6 39. f4
gxf4+ 40. gxf4 Kd5 41. Kd3 Kc5 42. Rc4+ Kb6 43. Kd4 Rb5 44. Ra4 a5 45. Rc4 Ka6
46. Ra4 b6 47. Rc4 Kb7 48. Ra4 Kc6 49. Rc4+ Kb7 50. Ra4 Rc5 51. c4 Kc6 52. Ra1
b5 53. Rxa5 Rxc4+ 0-1

[Event "Frankfurt Ch 2010"]
[Site "Ffm-Kalbach, LAZ"]
[Date "2010.05.03"]
[Round "2.34"]
[White "Schneider, Uwe"]
[Black "Hillgärtner, Walter"]
[Result "1-0"]
[WhiteElo "2011"]
[BlackElo "1946"]
[PlyCount "120"]
[EventDate "2010.??.??"]
[SourceDate "2009.03.13"]
[WhiteTeam "SV Kinzigtal"]
[BlackTeam "SC Bad Nauheim"]

1. d4 g6 2. c4 Bg7 3. Nc3 d6 4. e4 c6 5. Nge2 a6 6. a4 a5 7. Ng3 Na6 8. Be2 Qb6
9. d5 Nf6 10. O-O h5 11. Be3 Qc7 12. Rc1 h4 13. Nh1 h3 14. g3 Bd7 15. f4 Nc5
16. Nf2 Kf8 17. Bf3 Kg8 18. e5 Nh7 19. exd6 exd6 20. dxc6 bxc6 21. Nb5 cxb5 22.
Bxa8 bxa4 23. Bd5 Nf6 24. Bd4 Ne6 25. Bc3 Bc6 26. Qf3 Bxd5 27. cxd5 Nc5 28. Ng4
Nxg4 29. Qxg4 Qb7 30. Qf3 Bxc3 31. bxc3 Rh5 32. g4 Rh8 33. f5 g5 34. f6 Qb2 35.
Rb1 Qg2+ 36. Qxg2 hxg2 37. Rb8+ Kh7 38. Rxh8+ Kxh8 39. Kxg2 Kh7 40. Kf3 Kg6 41.
Ke3 a3 42. Ra1 Kxf6 43. Rxa3 a4 44. Kd4 Kg6 45. Ra2 f5 46. gxf5+ Kxf5 47. c4
Kg4 48. Rg2+ Kh4 49. Kc3 Kh3 50. Re2 g4 51. Kb4 Nd3+ 52. Kxa4 Nf4 53. Rd2 Ng6
54. Kb5 Ne5 55. c5 dxc5 56. Kxc5 Nf3 57. Re2 Nxh2 58. d6 g3 59. d7 Nf3 60. d8=Q
g2 1-0

[Event "Frankfurt Ch 2010"]
[Site "Ffm-Kalbach, LAZ"]
[Date "2010.05.03"]
[Round "2.35"]
[White "Orlinski, Wolfgang"]
[Black "Milde, Dieter"]
[Result "1-0"]
[WhiteElo "1967"]
[BlackElo "1611"]
[PlyCount "69"]
[EventDate "2010.??.??"]
[SourceDate "2009.03.13"]
[WhiteTeam "Sfr. Frankfurt 1921"]
[BlackTeam "Bad Vilbeler Sfr.1985"]

1. e4 e6 2. d4 d5 3. Nc3 dxe4 4. Nxe4 Bd7 5. Nf3 Bc6 6. Bd3 Nd7 7. O-O Ngf6 8.
Nxf6+ Nxf6 9. c3 Bxf3 10. Qxf3 c6 11. Re1 Be7 12. Bf4 O-O 13. Rad1 Qd5 14. Qh3
Qh5 15. Qxh5 Nxh5 16. Bc1 Bd6 17. g3 Nf6 18. Kg2 Rfe8 19. f4 g6 20. Kf3 h5 21.
h3 Kg7 22. b3 Nd5 23. Bb2 f5 24. c4 Nc7 25. d5+ Kf7 26. dxc6 bxc6 27. Bc3 c5
28. Bxf5 Bxf4 29. Bxg6+ Kxg6 30. gxf4 Re7 31. Rg1+ Kh6 32. Rg5 e5 33. Rd6+ Re6
34. Rxe6+ Nxe6 35. Rxe5 1-0

[Event "Frankfurt Ch 2010"]
[Site "Ffm-Kalbach, LAZ"]
[Date "2010.05.03"]
[Round "2.36"]
[White "Henzner, Reiner"]
[Black "Lehmann, Gerit"]
[Result "1-0"]
[WhiteElo "2082"]
[BlackElo "1486"]
[PlyCount "61"]
[EventDate "2010.??.??"]
[SourceDate "2009.03.13"]
[WhiteTeam "SV Oberursel"]
[BlackTeam "SC 1924 Lampertheim"]

1. e4 e5 2. Nf3 Nf6 3. Nc3 Nc6 4. a3 a6 5. d4 exd4 6. Nxd4 Bc5 7. Be3 Qe7 8.
Nf5 Qe5 9. f4 Qxf5 10. exf5 Bxe3 11. Qf3 Bc5 12. Nd5 Nxd5 13. Qxd5 Be7 14.
O-O-O O-O 15. Bc4 Nb8 16. g4 c6 17. Qf3 d5 18. Bd3 Nd7 19. c3 Nb6 20. h4 f6 21.
Rde1 Bd6 22. g5 Bd7 23. Re6 Bxe6 24. fxe6 fxg5 25. Bxh7+ Kxh7 26. hxg5+ Kg6 27.
Qd3+ Rf5 28. e7 Bxf4+ 29. Kb1 Bxg5 30. Rf1 Bxe7 31. Qxf5+ 1-0

[Event "Frankfurt Ch 2010"]
[Site "Ffm-Kalbach, LAZ"]
[Date "2010.05.03"]
[Round "2.37"]
[White "Schlößner, Henrik"]
[Black "Knott, Tilo"]
[Result "1/2-1/2"]
[WhiteElo "2043"]
[BlackElo "1484"]
[PlyCount "30"]
[EventDate "2010.??.??"]
[SourceDate "2009.03.13"]
[WhiteTeam "SV Kinzigtal"]
[BlackTeam "SC Brett vor'm Kopp Ffm"]

1. e4 b6 2. d4 Bb7 3. Bd3 Nf6 4. Nc3 e6 5. Nf3 Be7 6. O-O d6 7. Re1 h6 8. Qe2
Nbd7 9. a4 c5 10. e5 Nd5 11. Ne4 Qc7 12. c4 Nb4 13. d5 dxe5 14. dxe6 fxe6 15.
Bb1 Nc6 1/2-1/2

[Event "Frankfurt Ch 2010"]
[Site "Ffm-Kalbach, LAZ"]
[Date "2010.05.03"]
[Round "2.38"]
[White "Donchenko, Irina"]
[Black "Fischer, Lutz"]
[Result "1-0"]
[WhiteElo "2058"]
[BlackElo "1456"]
[PlyCount "57"]
[EventDate "2010.??.??"]
[SourceDate "2009.03.13"]
[WhiteTeam "SK 1858 Gießen"]
[BlackTeam "Sfr. Frankfurt 1921"]

1. d4 d5 2. Nf3 Nf6 3. c4 c6 4. Qc2 g6 5. cxd5 cxd5 6. Nc3 Nc6 7. a3 Bf5 8. Qb3
Rb8 9. Bf4 Na5 10. Qd1 Rc8 11. Ne5 Nc6 12. h3 Bg7 13. e3 O-O 14. g4 Be4 15. f3
Qa5 16. fxe4 Nxe4 17. Nxc6 Rxc6 18. Qa4 Qxa4 19. Nxa4 b5 20. Bxb5 Rc2 21. Bd3
Rc6 22. Bxe4 dxe4 23. Kd2 e5 24. Bxe5 Bxe5 25. dxe5 Rd8+ 26. Ke1 Rd3 27. Nc3
Re6 28. Ke2 Rxe5 29. Rhd1 1-0

[Event "Frankfurt Ch 2010"]
[Site "Ffm-Kalbach, LAZ"]
[Date "2010.05.03"]
[Round "2.39"]
[White "Roccasalvo, Giuseppe"]
[Black "Herwig-Päutz, Martin"]
[Result "1/2-1/2"]
[WhiteElo "1854"]
[BlackElo "1418"]
[PlyCount "32"]
[EventDate "2010.??.??"]
[SourceDate "2009.03.13"]
[WhiteTeam "SF Plochingen"]
[BlackTeam "SC Nidderau"]

1. d4 Nf6 2. Nf3 Nc6 3. c4 e6 4. Nc3 Bb4 5. Bg5 h6 6. Bxf6 Qxf6 7. a3 Bxc3+ 8.
bxc3 d5 9. e3 O-O 10. cxd5 exd5 11. c4 Be6 12. c5 Na5 13. Ne5 Nc4 14. Bxc4 dxc4
15. Qf3 Qxf3 16. gxf3 b5 1/2-1/2

[Event "Frankfurt Ch 2010"]
[Site "Ffm-Kalbach, LAZ"]
[Date "2010.05.03"]
[Round "2.40"]
[White "Djakow, Alexander"]
[Black "Honert, Stefan"]
[Result "1-0"]
[WhiteElo "1833"]
[BlackElo "1271"]
[PlyCount "82"]
[EventDate "2010.??.??"]
[SourceDate "2009.03.13"]
[WhiteTeam "SC Bad Nauheim"]
[BlackTeam "Sfr. Frankfurt 1921"]

1. d4 d5 2. c4 e6 3. Nc3 c5 4. e3 Nc6 5. Nf3 Nf6 6. cxd5 exd5 7. Bb5 Bd6 8. Ne5
Qc7 9. f4 O-O 10. O-O cxd4 11. exd4 Qb6 12. Bxc6 bxc6 13. Na4 Qb5 14. Be3 Ba6
15. Qc2 Rac8 16. Nc3 Qb6 17. Rf3 c5 18. Rh3 Rc7 19. Ng4 Ne4 20. Nxe4 dxe4 21.
Qxe4 f5 22. Qd5+ Kh8 23. Ne5 Rf6 24. dxc5 Qxb2 25. Bd4 Qb5 26. Rb3 Bb7 27. Rxb5
Bxd5 28. cxd6 Rxd6 29. Rb8+ Bg8 30. Bc5 Rd5 31. Be3 h6 32. Ng6+ Kh7 33. Nf8+
Kh8 34. h3 Rd3 35. Re1 Rc2 36. a4 Ra2 37. Ne6 Kh7 38. Nc5 Rd5 39. Rb5 Rd8 40.
Ra5 Ra8 41. Nd7 Bd5 1-0

[Event "Frankfurt Ch 2010"]
[Site "Ffm-Kalbach, LAZ"]
[Date "2010.05.03"]
[Round "2.41"]
[White "Machlin, Maxim"]
[Black "Jung, Richard"]
[Result "1-0"]
[WhiteElo "1933"]
[BlackElo "1248"]
[PlyCount "49"]
[EventDate "2010.??.??"]
[SourceDate "2009.03.13"]
[WhiteTeam "SK 1858 Gießen"]
[BlackTeam "SC Bergen-Enkheim 1922"]

1. e4 e5 2. Nf3 Nf6 3. Bc4 c6 4. Nxe5 d5 5. exd5 cxd5 6. Qe2 Qe7 7. Bb5+ Bd7 8.
O-O Nc6 9. Nxd7 Nxd7 10. Re1 Rd8 11. Qf1 Nde5 12. d4 Rd6 13. dxe5 Re6 14. Nc3
Rxe5 15. Bf4 Re6 16. Nxd5 Qd7 17. Nc7+ Ke7 18. Bg5+ f6 19. Nxe6 Kf7 20. Qc4 Kg6
21. Rad1 Qc8 22. Rd5 Be7 23. Nf4+ Kf7 24. Rd8+ Qe6 25. Qxe6# 1-0

[Event "Frankfurt Ch 2010"]
[Site "Ffm-Kalbach, LAZ"]
[Date "2010.05.03"]
[Round "2.42"]
[White "Paulicks, Frank"]
[Black "Larem, Peter"]
[Result "0-1"]
[WhiteElo "1088"]
[BlackElo "1921"]
[PlyCount "56"]
[EventDate "2010.??.??"]
[SourceDate "2009.03.13"]
[WhiteTeam "Sfr.1891 Friedberg"]
[BlackTeam "SC 1950 Eppertshausen"]

1. d4 Nf6 2. Bf4 g6 3. e3 Bg7 4. Nd2 O-O 5. Ngf3 d6 6. h3 Nbd7 7. Bh2 Re8 8.
Be2 e5 9. dxe5 dxe5 10. Nc4 e4 11. Nfe5 Qe7 12. Ng4 Nc5 13. Nge5 Be6 14. c3
Rad8 15. Qc2 Nfd7 16. Rd1 Nxe5 17. Bxe5 Rxd1+ 18. Qxd1 Rd8 19. Qc2 Nd3+ 20.
Bxd3 exd3 21. Qa4 Bxc4 22. Bxg7 b5 23. Qxa7 Kxg7 24. O-O d2 25. Rd1 Be2 26.
Rxd2 Rxd2 27. g3 Rd1+ 28. Kg2 Qe4+ 0-1

[Event "Frankfurt Ch 2010"]
[Site "Ffm-Kalbach, LAZ"]
[Date "2010.05.03"]
[Round "2.43"]
[White "Riha, Peter"]
[Black "Wöhl, Torsten"]
[Result "1-0"]
[WhiteElo "1821"]
[BlackElo "1216"]
[PlyCount "57"]
[EventDate "2010.??.??"]
[SourceDate "2009.03.13"]
[WhiteTeam "SC Bergen-Enkheim 1922"]
[BlackTeam "SC Groß-Zimmern"]

1. d4 d5 2. Bf4 Bf5 3. c4 e6 4. Nc3 a6 5. e3 Bd6 6. Bxd6 Qxd6 7. Qb3 Ra7 8.
cxd5 exd5 9. Qxd5 Ne7 10. Qxd6 cxd6 11. Nf3 Nbc6 12. Kd2 h6 13. Bd3 Bxd3 14.
Kxd3 O-O 15. Rhc1 b5 16. a3 Na5 17. Nd2 d5 18. Ne2 Rc8 19. Rxc8+ Nxc8 20. Rc1
Ne7 21. b3 Nac6 22. Nf4 Rd7 23. Rc5 Kh7 24. b4 g5 25. Ne2 Nd8 26. Nf3 f6 27. h3
Ne6 28. Rc1 Ng6 29. Rc6 1-0

[Event "Frankfurt Ch 2010"]
[Site "Ffm-Kalbach, LAZ"]
[Date "2010.05.03"]
[Round "2.44"]
[White "Witt, Holger"]
[Black "Brüggemann, Ludger"]
[Result "0-1"]
[WhiteElo "1590"]
[BlackElo "2188"]
[PlyCount "114"]
[EventDate "2010.??.??"]
[SourceDate "2009.03.13"]
[WhiteTeam "SC 1934 Viernheim"]
[BlackTeam "SF Olfen 1975"]

1. d4 Nf6 2. Nf3 g6 3. e3 Bg7 4. c4 O-O 5. Nc3 d6 6. Be2 Nbd7 7. O-O e5 8. b4
a5 9. b5 exd4 10. Nxd4 Nc5 11. a4 Re8 12. Bb2 Bd7 13. Bf3 Nfe4 14. Nxe4 Nxe4
15. Qc2 Qe7 16. Rfd1 b6 17. Rac1 Rad8 18. Ne2 Bxb2 19. Qxb2 Qe5 20. Nd4 h5 21.
Qc2 Re7 22. Ne2 Ng5 23. Rd5 Qf6 24. Nd4 Nxf3+ 25. Nxf3 Be6 26. Rd4 Rde8 27. Rf4
Bf5 28. Qc3 Qxc3 29. Rxc3 Be4 30. Ng5 Bb7 31. Rd3 Kg7 32. Nf3 Be4 33. Rd4 f6
34. Nd2 Bc2 35. h4 Re5 36. Rd5 Bxa4 37. Rfd4 Bc2 38. Nf3 Rxd5 39. cxd5 Re4 40.
Rd2 Bb3 41. Nd4 Bxd5 42. Rc2 Re7 43. g3 Kf7 44. Kf1 Ke8 45. Ke1 Kd7 46. Kd2 Re8
47. Rc3 Rc8 48. Nc6 Bxc6 49. Rxc6 Re8 50. Kd3 Re5 51. Kc4 Re4+ 52. Kc3 Rb4 53.
Rc4 Rxc4+ 54. Kxc4 Ke6 55. Kd4 d5 56. f3 f5 57. f4 Kd6 0-1

[Event "Frankfurt Ch 2010"]
[Site "Ffm-Kalbach, LAZ"]
[Date "2010.05.03"]
[Round "2.45"]
[White "Noblé, Alexander"]
[Black "Popp, Matthias"]
[Result "1-0"]
[WhiteElo "2045"]
[BlackElo "1525"]
[PlyCount "51"]
[EventDate "2010.??.??"]
[SourceDate "2009.03.13"]
[WhiteTeam "SC Bad Nauheim"]
[BlackTeam "SC Bergen-Enkheim 1922"]

1. e4 c5 2. d4 cxd4 3. c3 dxc3 4. Nxc3 g6 5. Bc4 e6 6. Nf3 Bg7 7. O-O a6 8. Bf4
Nc6 9. Qe2 Nge7 10. Rfd1 Qa5 11. Rac1 Ne5 12. Nxe5 Bxe5 13. Be3 Nc6 14. f4 Bg7
15. Bb3 b5 16. Qf2 Rb8 17. Bc5 Bf8 18. Be3 Bg7 19. Rd6 Bf8 20. Rd2 Be7 21. e5
Qc7 22. Ne4 O-O 23. Bc5 Qa5 24. Bd6 Ra8 25. Rxc6 dxc6 26. Bxe7 1-0

[Event "Frankfurt Ch 2010"]
[Site "Ffm-Kalbach, LAZ"]
[Date "2010.05.03"]
[Round "2.46"]
[White "Rolf, Marco"]
[Black "Ganjian, Mehrdad"]
[Result "0-1"]
[WhiteElo "1479"]
[BlackElo "1890"]
[PlyCount "56"]
[EventDate "2010.??.??"]
[SourceDate "2009.03.13"]
[WhiteTeam "SK Bad Homburg 1927"]
[BlackTeam "Sfr. Frankfurt 1921"]

1. e4 d6 2. d4 g6 3. Bd3 Bg7 4. Ne2 e5 5. dxe5 dxe5 6. O-O Nf6 7. f4 exf4 8.
Nxf4 Ng4 9. Bb5+ Bd7 10. Qxg4 Bxb5 11. Rd1 Bd7 12. Qf3 c6 13. Kh1 h5 14. Nc3
Qh4 15. g3 Qe7 16. Rd3 Bg4 17. Qg2 h4 18. Nfd5 cxd5 19. Nxd5 h3 20. Qd2 Qxe4+
21. Kg1 O-O 22. Re3 Qd4 23. Nc7 Nc6 24. Nxa8 Rxa8 25. Kh1 Rd8 26. Rd3 Qe4+ 27.
Kg1 Bd4+ 28. Rxd4 Rxd4 0-1

[Event "Frankfurt Ch 2010"]
[Site "Ffm-Kalbach, LAZ"]
[Date "2010.05.03"]
[Round "2.47"]
[White "Lemonidis, Christos"]
[Black "Mongi, Mario"]
[Result "1-0"]
[WhiteElo "1762"]
[BlackElo "1500"]
[PlyCount "45"]
[EventDate "2010.??.??"]
[SourceDate "2009.03.13"]
[WhiteTeam "SC 1961 König Nied"]
[BlackTeam "Sfr. Frankfurt 1921"]

1. Nf3 e6 2. d3 d5 3. Nbd2 Nf6 4. e4 c5 5. g3 Bd7 6. Bg2 Bc6 7. e5 Nfd7 8. O-O
Be7 9. Re1 d4 10. Ne4 Qc7 11. Bf4 Bxe4 12. Rxe4 Nc6 13. a3 h6 14. h4 O-O-O 15.
b4 g5 16. hxg5 hxg5 17. Nxg5 Bxg5 18. Bxg5 Rdg8 19. Bf4 Ncxe5 20. bxc5 Qxc5 21.
Rb1 Ng6 22. Rb4 e5 23. Rc4 1-0

[Event "Frankfurt Ch 2010"]
[Site "Ffm-Kalbach, LAZ"]
[Date "2010.05.03"]
[Round "2.48"]
[White "Heun, Andreas"]
[Black "Neumann, Manfred"]
[Result "0-1"]
[WhiteElo "1464"]
[BlackElo "1761"]
[PlyCount "88"]
[EventDate "2010.??.??"]
[SourceDate "2009.03.13"]
[WhiteTeam "SC Ladja Roßdorf"]
[BlackTeam "SC 1961 König Nied"]

1. e4 c5 2. Nc3 Nc6 3. f4 e6 4. Nf3 Nf6 5. Bb5 Nd4 6. e5 Nxb5 7. exf6 Nxc3 8.
dxc3 Qxf6 9. Qe2 Qd8 10. Be3 Be7 11. O-O-O Qa5 12. Kb1 d5 13. g4 Bd7 14. Ne5
Bc6 15. Rhg1 Qb5 16. Qf2 f6 17. Nd3 b6 18. Qe1 Bd7 19. g5 O-O-O 20. Bc1 Rhe8
21. Qh4 c4 22. Nf2 fxg5 23. fxg5 h6 24. Qh5 hxg5 25. Bxg5 Ba3 26. Bc1 Rf8 27.
Qe2 Bd6 28. Ng4 Rf5 29. Ne3 Rf4 30. Rxg7 Re4 31. Rg4 Bf4 32. Rd4 Rxd4 33. cxd4
e5 34. Rh4 Bg5 35. Rh7 exd4 36. Ng4 Bxc1 37. Kxc1 d3 38. Qe5 Qc5 39. b3 Re8 40.
Qg3 Qa3+ 41. Kd1 dxc2+ 42. Kxc2 Qxa2+ 43. Kc3 Qa5+ 44. Kd4 Re4# 0-1

[Event "Frankfurt Ch 2010"]
[Site "Ffm-Kalbach, LAZ"]
[Date "2010.05.03"]
[Round "2.49"]
[White "Plattner, Rolf"]
[Black "Frank, Dieter"]
[Result "1/2-1/2"]
[WhiteElo "1925"]
[BlackElo "1453"]
[PlyCount "98"]
[EventDate "2010.??.??"]
[SourceDate "2009.03.13"]
[WhiteTeam "SK Langen"]
[BlackTeam "SK Eberstadt 1924"]

1. Nf3 Nf6 2. d4 d5 3. c4 e6 4. Nc3 c6 5. e3 Nbd7 6. Bd3 dxc4 7. Bxc4 b5 8. Bd3
a6 9. O-O Bb7 10. Qe2 c5 11. Rd1 c4 12. Bc2 Nb6 13. e4 Qc7 14. Bg5 Be7 15. e5
Nfd5 16. Ne4 Bxg5 17. Nd6+ Kd7 18. Nxg5 f5 19. Ngf7 Rhf8 20. Nxb7 Qxb7 21. Nd6
Qc6 22. g3 g6 23. Re1 Nc8 24. Nxc8 Raxc8 25. Qd2 c3 26. bxc3 Qxc3 27. Qxc3 Rxc3
28. Bb3 Rfc8 29. Bxd5 exd5 30. Red1 R8c4 31. Rd2 Ra3 32. Kf1 Rca4 33. Ke2 b4
34. Rb1 Rxa2 35. Rbb2 Rxb2 36. Rxb2 a5 37. f4 Ra3 38. Kd2 Rc3 39. Ra2 Rc4 40.
Rxa5 Rxd4+ 41. Kc2 Kc6 42. Ra7 Re4 43. Rxh7 d4 44. Rh6 Kc5 45. Rxg6 Re2+ 46.
Kc1 Rxh2 47. Rg8 Rg2 48. Rg5 Kd5 49. Rg6 Kc5 1/2-1/2

[Event "Frankfurt Ch 2010"]
[Site "Ffm-Kalbach, LAZ"]
[Date "2010.05.03"]
[Round "2.50"]
[White "Fischer, Ulrich"]
[Black "Wich, Manuela"]
[Result "1/2-1/2"]
[WhiteElo "1727"]
[BlackElo "1414"]
[PlyCount "97"]
[EventDate "2010.??.??"]
[SourceDate "2009.03.13"]
[WhiteTeam "Frankfurter TV 1860"]
[BlackTeam "SV 1920 Hofheim"]

1. e4 c6 2. d4 d5 3. exd5 cxd5 4. c4 Nf6 5. Nc3 e6 6. Nf3 Be7 7. Bd3 dxc4 8.
Bxc4 Nc6 9. O-O O-O 10. a3 a6 11. Re1 b5 12. Ba2 Bb7 13. Bg5 h6 14. Bh4 b4 15.
Na4 Nd7 16. Bg3 Nb6 17. Nc5 Bxc5 18. dxc5 Nd5 19. Bd6 Re8 20. Qc2 Nf6 21. Rad1
Qa5 22. a4 Rac8 23. Bb3 Nd7 24. Rc1 Qd8 25. Red1 Qf6 26. Bg3 Nf8 27. Rd6 Red8
28. Qd2 Rxd6 29. cxd6 Nd7 30. Rd1 a5 31. Bc4 g5 32. Bb5 Kf8 33. h3 Ke8 34. Rc1
Qg7 35. Ne1 f5 36. f4 Qd4+ 37. Qxd4 Nxd4 38. Bxd7+ Kxd7 39. Rxc8 Kxc8 40. Kf2
Bc6 41. Nd3 Bxa4 42. Ke3 Nc2+ 43. Kd2 Nd4 44. Nc5 Nb3+ 45. Nxb3 Bxb3 46. fxg5
hxg5 47. Bf2 Bc4 48. g3 e5 49. Bc5 1/2-1/2

[Event "Frankfurt Ch 2010"]
[Site "Ffm-Kalbach, LAZ"]
[Date "2010.05.03"]
[Round "2.51"]
[White "Donchenko, Daria"]
[Black "Weber, Andreas"]
[Result "0-1"]
[WhiteElo "1706"]
[BlackElo "1895"]
[PlyCount "72"]
[EventDate "2010.??.??"]
[SourceDate "2009.03.13"]
[WhiteTeam "SK 1858 Gießen"]
[BlackTeam "Sfr. Frankfurt 1921"]

1. e4 e5 2. Nf3 f5 3. exf5 e4 4. Nd4 Qf6 5. Nb3 d5 6. d4 Bxf5 7. Be2 Bd6 8. Nc3
c6 9. Be3 Ne7 10. Qd2 O-O 11. O-O-O a5 12. Bg5 Qf7 13. f3 e3 14. Bxe3 b6 15.
Na4 Nd7 16. Bd3 Be6 17. Kb1 Bb4 18. c3 Bd6 19. Qe2 Nf5 20. Bf2 Rfe8 21. Qd2 b5
22. Nac5 a4 23. Nc1 Nb6 24. Nxe6 Rxe6 25. Ne2 Nc4 26. Qc1 a3 27. Bxc4 bxc4 28.
Rd2 axb2 29. Qc2 Qa7 30. a4 Ne3 31. Bxe3 Rxe3 32. Kxb2 Rb8+ 33. Kc1 Rb3 34. Qa2
Ra3 35. Qb1 Rxa4 36. Kc2 Ra2+ 0-1